| 000 | 00428nam a2200145 a 4500 | ||
|---|---|---|---|
| 001 | 000036571 | ||
| 005 | 20200930075815.0 | ||
| 008 | 120120s1982 xxua 000 0 eng d | ||
| 040 |
_aDO-SdBNP _bspa _cBNPHU |
||
| 082 |
_axxxx _bW529n |
||
| 100 | 1 |
_aWestin, Av, _d1929- _962839 |
|
| 245 | 1 | 0 |
_aNewswatch : _bHow tv decides the news / _cAv Westin. |
| 260 |
_aNew York : _bSimon and Schuster, _c1982. |
||
| 300 |
_a274 p. : _bil. ; _c22 cm. |
||
| 999 |
_c36062 _d36062 |
||